[Event "AUTO-INT-1259"]
[Site "http://www.queenalice.com/game.php?id=565909"]
[Date "2009.4.3"]
[Round "1"]
[White "yclaudiu35"]
[Black "guilherme3791"]
[Result "1-0"]
[WhiteElo "1526"]
[BlackElo "1455"]

1. e4 e5 2. Nf3 Nc6 3. Bb5 Nf6 4. Bxc6 dxc6 5. O-O Nxe4 6. Re1 Nf6 7. Nxe5 Bd6
8. Nxc6+ Qe7 9. Nxe7 Bxe7 10. Qe2 Bg4 11. Qxe7# 1-0

[Event "AUTO-INT-1259"]
[Site "http://www.queenalice.com/game.php?id=565910"]
[Date "2009.4.3"]
[Round "1"]
[White "guilherme3791"]
[Black "yclaudiu35"]
[Result "0-1"]
[WhiteElo "1359"]
[BlackElo "1726"]

1. e4 e5 2. Nf3 Nc6 3. Bc4 Qf6 4. O-O Bc5 5. d3 h6 6. Nc3 Nge7 7. a4 d6 8. a5
Bg4 9. Nb5 O-O-O 10. Ra4 a6 11. Na7+ Nxa7 12. b4 Bd7 13. Ra2 Bxb4 14. d4 exd4
15. Bf4 Qxf4 16. Ra4 Bxa4 17. Qd3 Bc5 18. c3 dxc3 19. Qxc3 f6 20. Nd2 Bc6 0-1

[Event "AUTO-INT-1259"]
[Site "http://www.queenalice.com/game.php?id=565929"]
[Date "2009.4.3"]
[Round "1"]
[White "guilherme3791"]
[Black "lsdr"]
[Result "0-1"]
[WhiteElo "1436"]
[BlackElo "1400"]

1. e4 e5 2. Nf3 f6 3. Bc4 Nh6 4. O-O d6 5. d4 d5 6. exd5 e4 7. Nh4 Bg4 8. Qe1 f5
9. a4 Qxh4 10. Qe3 Bd6 11. g3 Qh3 12. Nc3 Bf3 13. Qxf3 exf3 0-1

[Event "AUTO-INT-1259"]
[Site "http://www.queenalice.com/game.php?id=565930"]
[Date "2009.4.3"]
[Round "1"]
[White "lsdr"]
[Black "guilherme3791"]
[Result "1-0"]
[WhiteElo "1405"]
[BlackElo "1410"]

1. e4 e5 2. Be2 Nf6 3. Nc3 Bc5 4. d3 Bb4 5. Bd2 O-O 6. Nf3 Bc5 7. Nxe5 a5 8. Bg4
Nxg4 9. Nxg4 d6 10. h4 Nd7 11. h5 Ne5 12. f3 Nxg4 13. fxg4 Qf6 14. Rf1 Qg5 15.
Bxg5 a4 16. h6 gxh6 17. Bf6 Bb4 18. Qd2 Bxg4 19. Qxh6 Rfe8 20. Qg7# 1-0

[Event "Challenge"]
[Site "http://www.queenalice.com/game.php?id=567020"]
[Date "2009.4.4"]
[Round "-"]
[White "guilherme3791"]
[Black "ajj_br"]
[Result "0-1"]
[WhiteElo "1314"]
[BlackElo "1085"]

1. e4 d6 2. Nc3 Nf6 3. Nf3 e5 4. Bc4 Nc6 5. O-O Bg4 6. d3 Nd4 7. Bg5 Be7 8. a4
h6 9. Be3 O-O 10. Bxd4 exd4 11. Nd5 Nxd5 12. Bxd5 c6 13. c3 cxd5 14. exd5 dxc3
15. bxc3 Qa5 16. Qe1 Bf6 17. d4 Qxd5 18. Rb1 a6 0-1

[Event "Let's Play Chess!"]
[Site "http://www.queenalice.com/game.php?id=567023"]
[Date "2009.4.5"]
[Round "-"]
[White "guilherme3791"]
[Black "spawnwolfwolverine"]
[Result "0-1"]
[WhiteElo "1418"]
[BlackElo "1638"]

1. e4 e5 2. Nf3 d6 3. Bc4 Bg4 4. O-O Nf6 5. Be2 Be7 6. Ng5 Bxe2 7. Qxe2 O-O 8.
Nc3 c6 9. d3 a6 10. a4 Nbd7 11. Be3 b5 12. axb5 axb5 13. Rxa8 Qxa8 14. d4 exd4
15. Bxd4 c5 16. Bxf6 Bxf6 17. Nxb5 Bxg5 18. Qf3 Ne5 19. Nc7 Qa2 20. Qe2 Qxb2 21.
f4 Qd4+ 22. Rf2 Bd8 23. fxe5 Bxc7 24. exd6 Bxd6 25. c3 Qxc3 26. Rf1 f6 27. Qf3
Qd4+ 28. Qf2 Qxf2+ 29. Rxf2 Re8 0-1

[Event "AUTO-OPEN-1506"]
[Site "http://www.queenalice.com/game.php?id=568613"]
[Date "2009.4.8"]
[Round "1"]
[White "fredpoa"]
[Black "guilherme3791"]
[Result "1-0"]
[WhiteElo "1380"]
[BlackElo "1375"]

1. e4 e5 2. Bc4 Nc6 3. c3 Bc5 4. d4 exd4 5. Ne2 dxc3 6. Nbxc3 Nf6 7. Na4 Bb4+ 8.
Nac3 Bc5 9. O-O O-O 10. Be3 b6 11. Bxc5 bxc5 12. b3 Bb7 13. Rc1 Nb4 14. a3 Nc6
15. Rc2 a5 16. Rd2 Ba6 17. Bxa6 Rxa6 18. Nd5 Ne5 19. f4 Ng6 20. e5 Nxd5 21. Rxd5
Rd6 22. exd6 cxd6 23. Rxd6 Qe7 24. Rxd7 Qf6 25. g4 Nh4 26. g5 Qe6 27. f5 Qe4 28.
Rf2 Nf3+ 29. Kf1 Nxg5 30. Ng3 Qe3 31. Qd2 Qe5 32. h4 Ne4 33. Nxe4 Qxe4 34. f6
gxf6 35. Rxf6 Re8 36. Rfxf7 1-0

[Event "AUTO-OPEN-1506"]
[Site "http://www.queenalice.com/game.php?id=568614"]
[Date "2009.4.8"]
[Round "1"]
[White "guilherme3791"]
[Black "fredpoa"]
[Result "0-1"]
[WhiteElo "1392"]
[BlackElo "1363"]

1. e4 e5 2. Nf3 Nf6 3. Nc3 c6 4. Bc4 b5 5. Bb3 a5 6. Ng5 d5 7. exd5 Nxd5 8. Qf3
f6 9. Bxd5 cxd5 10. Nh3 Bd6 11. Nxd5 Ra6 12. O-O O-O 13. Qh5 Bb7 14. Nc3 b4 15.
Nb5 Qd7 16. c4 Qf7 17. Qh4 Rc6 18. Na7 Qxc4 19. g3 Rc7 20. b3 Qxh4 21. gxh4 Ba6
22. Rd1 Rxa7 23. d4 Bc8 24. dxe5 Bxe5 25. Rd5 Bxa1 26. Bf4 Bxh3 27. Bxb8 Rxb8
28. a4 Be6 29. Rd1 Be5 30. h5 Bxb3 31. Re1 Bc3 32. Re3 Bxa4 33. f3 Rc7 34. Re1
b3 0-1

[Event "AUTO-OPEN-1506"]
[Site "http://www.queenalice.com/game.php?id=568641"]
[Date "2009.4.8"]
[Round "1"]
[White "guilherme3791"]
[Black "Mannu"]
[Result "0-1"]
[WhiteElo "1418"]
[BlackElo "1853"]

1. e4 e5 2. Nf3 d6 3. Bc4 Bg4 4. Nc3 Nf6 5. O-O Nc6 6. d3 Be7 7. Bg5 Nd4 8. Nd5
Nxd5 9. Bxd5 Bxg5 10. c3 Nxf3+ 11. gxf3 Bh3 12. Re1 Bf4 13. Qe2 Qg5+ 14. Kh1
Qg2# 0-1

[Event "AUTO-OPEN-1506"]
[Site "http://www.queenalice.com/game.php?id=568642"]
[Date "2009.4.8"]
[Round "1"]
[White "Mannu"]
[Black "guilherme3791"]
[Result "1-0"]
[WhiteElo "1939"]
[BlackElo "1359"]

1. e4 e5 2. Nf3 Nc6 3. b3 Nf6 4. d3 Bc5 5. h3 O-O 6. Bb2 d5 7. Nbd2 dxe4 8. dxe4
a5 9. Bc4 Nd4 10. Nxe5 Bd6 11. Nxf7 Qe7 12. Nxd6+ Kh8 13. Nxc8 Raxc8 14. Bxd4
Rcd8 15. Bxf6 Qxf6 16. O-O Qg5 17. Bd3 Rf6 18. Nf3 Qf4 19. Qe2 b6 20. e5 Rg6 21.
Bxg6 Rf8 22. Bd3 c6 23. a4 b5 24. axb5 cxb5 25. Rxa5 1-0

[Event "AUTO-OPEN-1506"]
[Site "http://www.queenalice.com/game.php?id=568643"]
[Date "2009.4.8"]
[Round "1"]
[White "guilherme3791"]
[Black "ishamael13"]
[Result "0-1"]
[WhiteElo "1410"]
[BlackElo "2067"]

1. e4 d6 2. Nf3 Nf6 3. Bc4 e6 4. O-O g6 5. Nc3 Bg7 6. a4 O-O 7. a5 d5 8. exd5
exd5 9. Bb3 Nc6 10. Ra4 Bg4 11. Nxd5 Ne5 12. Qe2 Nxd5 13. d4 Nxf3+ 14. gxf3 Re8
15. Qc4 Bxf3 16. Bd2 Qh4 17. Qc5 Qg4# 0-1

[Event "AUTO-OPEN-1506"]
[Site "http://www.queenalice.com/game.php?id=568644"]
[Date "2009.4.8"]
[Round "1"]
[White "ishamael13"]
[Black "guilherme3791"]
[Result "1-0"]
[WhiteElo "2069"]
[BlackElo "1394"]

1. d4 d5 2. c4 e6 3. Nc3 Bb4 4. Nf3 Nf6 5. e3 O-O 6. Be2 a5 7. O-O Ne4 8. Bd2
Nxc3 9. Bxc3 dxc4 10. Bxb4 Re8 11. Bc3 a4 12. Bxc4 e5 13. Nxe5 Be6 14. d5 Bf5
15. Qf3 Qf6 16. Qf4 c6 17. dxc6 bxc6 18. Nxf7 Be4 19. Bxf6 gxf6 20. Qxf6 Nd7 21.
Qh8# 1-0

[Event "lucas perdeu"]
[Site "http://www.queenalice.com/game.php?id=572211"]
[Date "2009.4.15"]
[Round "-"]
[White "guilherme3791"]
[Black "lucasmlk321"]
[Result "0-1"]
[WhiteElo "1392"]
[BlackElo "1656"]

1. e4 Nf6 2. Nc3 c6 3. Nf3 d5 4. Bd3 Bg4 5. O-O Bxf3 6. Qxf3 dxe4 7. Bxe4 Nxe4
8. Qxe4 e6 9. d4 b6 10. d5 cxd5 11. Qg4 f5 12. Qf3 Bb4 13. a4 Bxc3 14. Qxc3 O-O
15. b4 a5 16. bxa5 bxa5 17. Bb2 Qf6 18. Rae1 Qxc3 19. Bxc3 Ra6 20. Bb2 Rb6 21.
Ba3 Rc8 0-1